| 000 | 00705nam a2200181 i 4500 | ||
|---|---|---|---|
| 001 | 24733 | ||
| 003 | ES-MaACL | ||
| 005 | 20230906153120.0 | ||
| 007 | t| | ||
| 008 | 021218s1892 sp ||||1| spa d | ||
| 100 | 1 |
_aAnglada y Rava, Joaquín. _921740 |
|
| 245 | 1 | 0 |
_aMemoria presentada al Ministro de Marina acompañando dos colecciones de la fauna y la flora del Golfo de Nápoles hechas al terminar sus estudios en aquella estación zoológica / _cJoaquín Anglada y Rava. |
| 260 |
_aMadrid : _b[s.n.], _c1892. |
||
| 300 |
_a70 p. ; _c25 cm. |
||
| 650 |
_aFauna marina- _zNápoles (Italia, Golfo) _9155802 |
||
| 650 | 4 |
_aFlora marina- _zNápoles (Italia, Golfo) _9155803 |
|
| 852 |
_aES-MaACL _jT-743-F-10 |
||
| 999 |
_c24733 _d24733 |
||